A Working Method Approach for Introductory Physical Chemistry Calculations Numerical and Graphical Problem Solving

Saved in:
Bibliographic Details
Main Author: Murphy, Brian
Other Authors: Murphy, Clair, Hathaway, Brian J.
Format: Book
Language:English
Published: Cambridge The Royal Society of Chemistry 1997
Edition:1. ed.
Series:RSC Paperbacks
Subjects:
Online Access:View in OPAC
Tags: Add Tag
No Tags, Be the first to tag this record!

MARC

LEADER 00000nam a2200000 a 4500
005 20260127134248.0
008 050519 1997 enk 000 0 eng d
020 |a 0854045538 
035 |a vtls008154925 
039 9 |y 200505190853  |z mschk03 
040 |a STUSCHK1  |b slo  |c STUSCHK1  |e AACR2 
100 1 |a Murphy, Brian 
245 1 |a A Working Method Approach for Introductory Physical Chemistry Calculations  |b Numerical and Graphical Problem Solving 
250 |a 1. ed. 
260 |a Cambridge  |b The Royal Society of Chemistry  |c 1997 
300 |a xii, 152 s. 
490 0 |a RSC Paperbacks 
650 0 |a ysical chemistry   |a fyzikálna chémia 
650 0 |a Chemistry calculations 
700 1 |a Murphy, Clair 
700 1 |a Hathaway, Brian J. 
910 |a SCHK95 
919 |a 0-85404-553-8 
999 |c 8157  |d 8157